Určovanie vlastností funkcií pomocou grafov funkcií s využitím počítačového softvéru bakalárska práca

Guardado en:
Detalles Bibliográficos
Autor principal: Janda, Martin
Autor Corporativo: Fakulta hospodárskej informatiky EU. Katedra matematiky
Otros Autores: Slaninka, František, 1973-
Formato: Libro
Lenguaje:eslovaco
Publicado: Bratislava 2009
Etiquetas: Agregar Etiqueta
Sin Etiquetas, Sea el primero en etiquetar este registro!

MARC

LEADER 00000nam$a2200000$$$4500
001 0096136
005 20240318135752.6
041 0 |a slo 
044 |a SK 
245 1 0 |a Určovanie vlastností funkcií pomocou grafov funkcií s využitím počítačového softvéru  |b bakalárska práca  |c Martin Janda ; škol. František Slaninka 
264 1 |a Bratislava  |c 2009 
300 |a 37 s. 
100 1 |a Janda, Martin 
700 1 |a Slaninka, František, 1973- 
710 2 |a Fakulta hospodárskej informatiky EU. Katedra matematiky